000 00315nam a2200145Ia 4500
100 _aChaudhaary/K.R/ Jain/D.R
942 _cBK
654 _astatics
245 _aElements of Statics
260 _bS.Chand and Co.
_aNew Delhi
_c1981
082 _a531.12
_bCHA
300 _a312
546 _aENGLISH
999 _c27774
_d27774